000 00415nam a22001577a 4500
003 OSt
005 20240626154134.0
008 240626b |||||||| |||| 00| 0 eng d
040 _cMUST
082 _a358.1 NAT 2000
245 _aNational Missile Defense ,What Does It All Mean
_bA CDI ISSUE BRIEF
300 _av, 50p
_bcol.ill.
_c28cm
504 _aAcronyms, Glossary
650 _2Economics
942 _2ddc
_cO_SHELF
999 _c8946
_d8946